Mountains of Germany on a Map - Statistics

General Stats
  • This quiz has been taken 189 times
  • The average score is 9 of 20
Answers on the Map
Answers color-coded by a green-red scale on the quiz's map according to % correct below.
 
Answer Stats
Height Mountains Highest peak % Correct
4,810 Alps Mont Blanc
97%
1,493 Black Forest Feldberg
83%
1,141.2 Harz Brocken
68%
1,243.7 Ore Mountains Klínovec
59%
1,455.5 Bavarian Forest Great Arber
55%
746.9 Eifel Hohe Acht
54%
1,015.7 Swabian Jura Lemberg
51%
881.5 Taunus Großer Feldberg
49%
656.4 Franconian Jura Dürrenberg
41%
982.9 Thuringian Forest Großer Beerberg
41%
816.32 Hunsrück Erbeskopf
38%
950.21 Rhön Mountains Wasserkuppe
37%
1,042 Upper Palatine Forest Čerchov
37%
626.8 Odenwald Katzenbuckel
35%
657.3 Westerwald Fuchskaute
35%
446.8 Teutoburg Forest Barnacken
32%
1,051 Fichtel Mountains Schneeberg
30%
843.5 Rothaar Mountains Langenberg
29%
586 Spessart Geiersberg
27%
773 Vogelsberg Taufstein
27%
No matching quizzes found
Score Distribution
Percent of People with Each Score
Percentile by Number Answered
Your Score History
You have not taken this quiz